Ульяновский военный гарнизонный... (Запись № 4367704)

Подробности
000 -МАРКЕР
контрольное поле 01714nam0a2200301 i 4500
001 - ИДЕНТИФИКАТОР ЗАПИСИ
контрольное поле RU\NLR\bibl\2013187
005 - ИДЕНТИФИКАТОР ВЕРСИИ
контрольное поле 20260408110639.0
010 ## - МЕЖДУНАРОДНЫЙ СТАНДАРТНЫЙ НОМЕР КНИГИ (ISBN)
Номер (ISBN) 9785913081728
Тираж 300
021 ## - НОМЕР ГОСУДАРСТВЕННОЙ РЕГИСТРАЦИИ
Код страны Российская Федерация
Номер 2013-13852
Номер Листа государственной регистраци 988
035 ## - ДРУГИЕ СИСТЕМНЫЕ НОМЕРА
Идентификатор записи (NLR Aleph) 002001650
100 ## - ДАННЫЕ ОБЩЕЙ ОБРАБОТКИ
Данные общей обработки 20130319d2012 um y0rusy50 ca
101 0# - ЯЗЫК РЕСУРСА
Язык текста, звукозаписи и т.д. русский
102 ## - СТРАНА ПУБЛИКАЦИИ ИЛИ ПРОИЗВОДСТВА
Страна публикации Российская Федерация
105 ## - ПОЛЕ КОДИРОВАННЫХ ДАННЫХ: ТЕКСТОВЫЕ МАТЕРИАЛЫ, МОНОГРАФИЧЕСКИЕ
Кодированные данные о монографическом текстовом документе a||||||||||||
200 1# - ЗАГЛАВИЕ И СВЕДЕНИЯ ОБ ОТВЕТСТВЕННОСТИ
Основное заглавие Ульяновский военный гарнизонный...
Сведения, относящиеся к заглавию (очерки истории филиала N 4 Федерального государственного казенного учреждения "354 Военный клинический госпиталь" Министерства обороны Российской Федерации)
-- [сборник воспоминаний
Первые сведения об ответственности редкол.: Багаев С.С. подполк. медслужбы, пред. и др.]
210 ## - ПУБЛИКАЦИЯ, РАСПРОСТРАНЕНИЕ И ДР.
Место издания, распространения и т.д. Ульяновск
Имя издателя, распространителя и т. д. Вектор-С
Дата издания, распространения и т.д. 2012
215 ## - ФИЗИЧЕСКАЯ ХАРАКТЕРИСТИКА
Специфическое обозначение материала и объем 91, [1] с.
Другие сведения о физической характеристике ил., цв. ил., портр.
Размеры 21
601 02 - НАИМЕНОВАНИЕ ОРГАНИЗАЦИИ КАК ПРЕДМЕТ
Начальный элемент ввода Приволжско-Уральский окружной военный клинический госпиталь
Структурное подразделение организации Филиал
Идентифицирующий признак 354; Екатеринбург, город
-- 4; Ульяновск, город
Системный номер авторитетной/нормативной записи 2181442
Идентификатор авторитетной/нормативной записи RU\NLR\AUTH\6601548319
686 1# - ИНДЕКСЫ ДРУГИХ КЛАССИФИКАЦИЙ
Индекс Ц7,6(2Р)6-20
702 #1 - ИМЯ ЛИЦА - ВТОРИЧНАЯ ОТВЕТСТВЕННОСТЬ
Начальный элемент ввода Багаев
Часть имени, кроме начального элемента ввода С.С.
Код отношения Редактор
712 02 - НАИМЕНОВАНИЕ ОРГАНИЗАЦИИ - ВТОРИЧНАЯ ОТВЕТСТВЕННОСТЬ
Начальный элемент ввода Приволжско-Уральский окружной военный клинический госпиталь
Идентифицирующий признак 354; Екатеринбург
Структурное подразделение Филиал
Идентифицирующий признак 4; Ульяновск
Идентификатор авторитетной/нормативной записи RU\NLR\AUTH\8810247285
Системный номер авторитетной/нормативной записи 380275
801 #0 - ИСТОЧНИК ЗАПИСИ
Страна Российская Федерация
Организация NLR
Дата составления 20130319
Правила каталогизации RCR
801 #1 - ИСТОЧНИК ЗАПИСИ
Страна Российская Федерация
Организация NLR
Дата составления 20130319
942 ## - ДОПОЛНИТЕЛЬНЫЕ ЭЛЕМЕНТЫ ЗАПИСИ (АБИС)
Тип экземпляра АБИС Книга
980 ## - КОЛЛЕКЦИЯ
Название коллекции НБР

Нет доступных экземпляров.